书目信息 |
| 书名: | Psychology and work today | |
| 作者: | Duane P. Schultz, Sydney Ellen Schultz | |
| 分册号: | ||
| 分册名: | 出版地: | Upper Saddle River, N.J. : |
|
| 出版社: | Prentice Hall | |
| 出版时间: | c1998. | |
| 页数: | xxii, 566 p. : | |
| 开本: | 27 cm. | |
| 丛书名: | ||
| 中图分类号: | ||
| 科图分类号: | ||
| 其他分类号: | B849 | |
| 主题词: | ||
| 电子资源: | ||
| 000 | 01133nam 2200325 a 4500 | |
| 001 | E0729898628 | |
| 003 | DLC | |
| 005 | 20070513082149.65 | |
| 008 | 001 0 eng | |
| 008 | uu | |
| 010 | @a97024847 | |
| 020 | @a0136364659. | |
| 040 | @aDLC @cDLC @dDLC | |
| 049 | @aN5LA | |
| 050 | 00 | @aHF5548.8 @b.S356 1998 |
| 082 | 00 | @a158.7 @221 |
| 090 | @a2-99/F406.13/S38/ 1998///////1206397 | |
| 090 | @aB849 | |
| 096 | @aF406.13 @v3 | |
| 099 | @dB849@ex184=7 | |
| 100 | 1 | @aSchultz, Duane P. |
| 245 | 10 | @aPsychology and work today :@ban introduction to industrial and organizational psychology / @cDuane P. Schultz, Sydney Ellen Schultz |
| 246 | 14 | @aPsychology & work today |
| 250 | @a7th ed. | |
| 260 | @aUpper Saddle River, N.J. :@bPrentice Hall,@cc1998. | |
| 300 | @axxii, 566 p. :@bill. ;@c27 cm. | |
| 504 | @aIncludes bibliographical references (p. 481-528) and indexes. | |
| 650 | 0 | @aPsychology, Industrial. |
| 700 | 1 | @aSchultz, Sydney Ellen, @ejt. auth. @b00 @c20020930 @lNLC09 @h2253 @b00 @c20021021 @lNLC09 @h0056 @lNLC09 @h0021 @lNLC09 @h2015 |
| 852 | 9 | @bWWJC @k2-99 @hF406.13 @iS38/1998 |
| Psychology and work today : : an introduction to industrial and organizational psychology / / Duane P. Schultz, Sydney Ellen Schultz.-7th ed.-Upper Saddle River, N.J. : : Prentice Hall, , c1998. |
| xxii, 566 p. : : ill. ; ; 27 cm. |
| Includes bibliographical references (p. 481-528) and indexes. |
| ISBN 0136364659. |
| ● |
| 相关链接 |
|
|
|
|
正题名:Psychology and work today
索取号:B849/x184=7
 
预约/预借
| 序号 | 登录号 | 条形码 | 馆藏地/架位号 | 状态 | 备注 |
| 1 | 008460 | 300084600 | 第二样本阅览室/ [索取号:B849/x184=7] | 在馆 |